| 000 | 01298 a2200229 4500 | ||
|---|---|---|---|
| 003 | Nust | ||
| 005 | 20221019101101.0 | ||
| 010 | _a 2001059042 | ||
| 020 | _a0735615780 | ||
| 040 | _cNust | ||
| 082 | 0 | 0 | _a005.76,DIN |
| 100 | 1 |
_aEsposito, Dino, _9100745 |
|
| 245 | 1 | 0 |
_aBuilding Web solutions with ASP.NET and ADO.NET / _cDino Esposito. |
| 260 |
_aRedmond, Wash. : _bMicrosoft Press, _c2002. |
||
| 300 |
_axxii, 379 p. : _bill. ; _c23 cm. + _e1 CD-ROM (4 3/4 in.) |
||
| 505 | _aIntroduction (Page-1), Data Access and Reporting (Page-3), Pageable Data Grids (Page-29), Templated DataGrid Controls (Page-75), Editing DataGrid Controls (Page-105), Smart and Effective Data Access and Reporting (Page-139), Advanced Data Reporting (Page-175), Disconnected Web Applications (Page-211), Interoperable Web Applications(Page-255), Web Services (Page-285), Exposing Data to .NET Applications (Page-317), Some Final Thoughts on the Future of ADO.NET (Page-355). | ||
| 650 | 0 |
_aMicrosoft .NET Framework. _955646 |
|
| 650 | 0 |
_aWeb sites _xDesign. _918036 |
|
| 856 | 4 | 2 |
_3Contributor biographical information _uhttp://www.loc.gov/catdir/enhancements/fy1207/2001059042-b.html |
| 856 | 4 | 2 |
_3Publisher description _uhttp://www.loc.gov/catdir/enhancements/fy1004/2001059042-d.html |
| 942 |
_2ddc _cBK _k005.76,DIN |
||
| 999 |
_c219334 _d219334 |
||